000 00449nam a2200157Ia 4500
008 240729s9999 xx 000 0 und d
022 _a2436-259X
245 0 _aJournal of Plastic and Reconstructive Surgery
260 _aJapan
260 _bJapan Society of Plastic and Reconstructive Surgery
650 _a Surgery
650 _aMedicine
856 _uhttps://doaj.org/toc/bfec6057438748968f486afbfd8f6d64
942 _2ddc
942 _cDOAJEJ
999 _c69021
_d69021
945 _a1
_bMadushi Gamage
_c1
_dMadushi Gamage